000 01155nam a2200229Ia 4500
001 L255-18239
003 IT-CnALBA
008 170116s9999||||xx |||||||||||||| ||und||
040 _aIT-CnALBA
_cIT-CnALBA
041 _aITALIANO
100 _aGIOBERTI VINCENZO
245 0 _aIL GESUITA MODERNO. VOL. III.
250 _a1a ed.
260 _aLOSANNA
_bBONAMICI S. E COMPAGNI. TIPOGR. LOSANNA'
_c1847 [1° Ed.: n.d.]
300 _a629 p.
500 _aP. FRANCESCO PELLICO, SJ. I GESUITI E ROMA. DANNI. RIBELLI ALLA CHIESA. GOVERNI E POPOLI SOTTO IL GESUITISMO. PAPA CLEMENTE XIV. RIBELLIONE. IN PRUSSIA E IN RUSSIA. GESUITISMO E PAPATO. PIO VI. ESSOTERISMO DEI GESUITI. RAZIO NALISMO.
501 _aSocietà San Paolo EM - Piazza San Paolo, 14 - 12051 ALBA (CN) (non commercial uses only) ® Copyright 2017
520 _aP. FRANCESCO PELLICO, SJ. I GESUITI E ROMA. DANNI. RIBELLI ALLA CHIESA. GOVERNI E POPOLI SOTTO IL GESUITISMO. PAPA CLEMENTE XIV. RIBELLIONE. IN PRUSSIA E IN RUSSIA. GESUITISMO E PAPATO. PIO VI. ESSOTERISMO DEI GESUITI. RAZIO NALISMO.
650 _aORDINI E CONGREGAZIONI RELIGIOSE
942 _cBK
957 _71
999 _a22985
_bSI
_g Copie: 1
_c277370
_d277370